Mehringův přínos k marxistické teorii literatury /

Hlavní autor: Koch, Hans-Albrecht, 1946-
Jazyk: Čeština
Vydáno: Praha : Státní nakladatelství politické literatury, 1961
Vydání: 1. vyd.
Témata:
Fyzický popis: 296 s.
Knihy
Uloženo v:
LEADER 01203nam a22003012a 4500
001 000728192
003 CZ BrMZK
005 20210712121154.0
007 ta
008 040811s1961 xr er|||||||||||cze d
015 |a cnb000612183 
040 |a BOA001  |b cze 
041 1 |a cze  |h ger 
100 1 |a Koch, Hans-Albrecht,  |d 1946-  |7 jn20000603451  |4 aut 
245 1 0 |a Mehringův přínos k marxistické teorii literatury /  |c Hans Koch 
250 |a 1. vyd. 
260 |a Praha :  |b Státní nakladatelství politické literatury,  |c 1961 
300 |a 296 s. 
500 |a Přeloženo z němčiny 
504 |a Obsahuje bibliografie 
765 0 |t Franz Mehrings Beitrag zur marxistischen Literaturtheorie  |9 Česky 
910 |a BOA001  |b 2-0463.724  |b PK-0028.486 
964 |a Mehring, Franz - dílo literárně vědné - studie 
964 |a Věda literární - názory Mehringovy - studie 
990 |a BK 
996 7 |b 2619071788  |c 2-0463.724  |l MZK  |r Sklad / do 24 hodin  |n 0  |w 000728192  |u 000020  |a 1  |e BOA001  |j MZK50  |s A 
996 6 |b 2619071790  |c 2-0463.724  |l MZK  |r Sklad / do 24 hodin  |n 0  |w 000728192  |u 000030  |a 1  |e BOA001  |j MZK50  |s P 
996 6 |b BC-157177  |c PK-0028.486  |l MZK  |r Sklad / do 1 hodiny  |n 0  |w 000728192  |u 000010  |a 1  |e BOA001  |j MZK50  |s P